书目信息 |
| 题名: |
物质结构学习指导
|
|
| 作者: | 陈启明 , 高剑南 , 倪行 编著 | |
| 分册: | ||
| 出版信息: | 北京 科学出版社 2010.1 |
|
| 页数: | 324页 | |
| 开本: | 24cm | |
| 丛书名: | ||
| 单 册: | ||
| 中图分类: | O552.5 | |
| 科图分类: | ||
| 主题词: | 物质结构--教学参考资料 , 物质结构 | |
| 电子资源: | ||
| ISBN: | 978-7-03-026389-6 | |
| 000 | 00987nam0 2200289 45 | |
| 001 | 1360103499 | |
| 005 | 20130530110044.57 | |
| 010 | @a978-7-03-026389-6@dCNY32.00 | |
| 100 | @a20130513d2010 em y0chiy0110 ea | |
| 101 | 0 | @achi |
| 102 | @aCN@b110000 | |
| 105 | @aa z 000yy | |
| 106 | @ar | |
| 200 | 1 | @a物质结构学习指导@AWu Zhi Jie Gou Xue Xi Zhi Dao@f陈启明,高剑南,倪行编著@FChen Qi Ming, Gao Jian Nan, Ni Xing Bian Zhu |
| 205 | @a2版 | |
| 210 | @a北京@c科学出版社@d2010.1 | |
| 215 | @a324页@c图@d24cm | |
| 300 | @a科学版学习指导系列 | |
| 330 | @a全书分为八章,主要内容有:量子力学基础知识;原子的结构与性质;双原子分子的结构与性质;分子的对称性;多原子分子的结构与性质。 | |
| 606 | 0 | @a物质结构@j教学参考资料 |
| 606 | 0 | @a物质结构 |
| 690 | @aO552.5@v5 | |
| 701 | 0 | @a陈启明@AChen Qi Ming@c(女,@f1957~)@4编著 |
| 701 | 0 | @a高剑南@AGao Jian Nan@4编著 |
| 701 | 0 | @a倪行@ANi Xing@4编著 |
| 801 | @aCN@bTANGWEI@c20130523 | |
| 905 | @b0834332-34@dO552.5@e39=2@f3 | |
| 物质结构学习指导/陈启明,高剑南,倪行编著.-2版.-北京:科学出版社,2010.1 |
| 324页:图;24cm |
| 科学版学习指导系列 |
| ISBN 978-7-03-026389-6:CNY32.00 |
| 全书分为八章,主要内容有:量子力学基础知识;原子的结构与性质;双原子分子的结构与性质;分子的对称性;多原子分子的结构与性质。 |
| ● |
| 相关链接 |
|
|
|
|
正题名:物质结构学习指导
索取号:O552.5/39=2
 
预约/预借
| 序号 | 登录号 | 条形码 | 馆藏地/架位号 | 状态 | 备注 |
| 1 | 0834332 | 208343327 | 第二样本阅览室/ [索取号:O552.5/39=2] | 在馆 | |
| 2 | 0834333 | 208343336 | 密集书库-化学系/ [索取号:O552.5/39=2] | 在馆 | |
| 3 | 0834334 | 208343345 | 第三借阅区/ [索取号:O552.5/39=2] | 在馆 |